[Event "PNWCC Online Masters WOO"]
[Site "Chess.com INT"]
[Date "2020.07.06"]
[Round "7"]
[White "Pan, Kevin"]
[Black "Wiebe, Daniel"]
[Result "1-0"]
[WhiteElo "2106"]
[BlackElo "1988"]
[PlyCount "79"]
[EventDate "2020.07.04"]
[EventType "swiss (rapid)"]
[EventRounds "9"]
[EventCountry "USA"]
[SourceTitle "CBM 197 Extra"]
[Source "ChessBase"]
[SourceDate "2020.09.30"]
[SourceVersion "1"]
[SourceVersionDate "2020.09.30"]
[SourceQuality "1"]

1. e4 c5 2. Nc3 d6 3. g3 g6 4. Bg2 Bg7 5. d3 Nc6 6. Be3 e6 7. Qd2 b6 8. Nge2 Bb7 9. h4 h5 10. Bg5 Qd7 11. Bh3 Ne5 12. 0-0-0 Nf3 13. Qe3 Nxg5 14. hxg5 Ne7 15. d4 cxd4 16. Nxd4 a6 17. f4 0-0-0 18. Rhf1 Qc7 19. f5 gxf5 20. exf5 Nxf5 21. Nxf5 exf5 22. Nd5 Qc5 23. Rxf5 Qxe3+ 24. Nxe3 Kb8 25. Rxf7 Be5 26. Nc4 Bxg3 27. Nxb6 Rhg8 28. Rd3 Rxg5 29. Rb3 h4 30. Nd5 Bf4+ 31. Nxf4 Rb5 32. Rxb5 axb5 33. Rh7 d5 34. Rxh4 d4 35. Ne6 Re8 36. Nxd4 Re1+ 37. Kd2 Rh1 38. Nxb5 Bg2 39. Rh8+ Kb7 40. Bxg2+ 1-0

[Event "PNWCC Online Masters WOO"]
[Site "Chess.com INT"]
[Date "2020.07.06"]
[Round "8"]
[White "Wiebe, Daniel"]
[Black "Ghazarian, Kirk Vagho"]
[Result "1/2-1/2"]
[WhiteElo "1988"]
[BlackElo "2181"]
[PlyCount "100"]
[EventDate "2020.07.04"]
[EventType "swiss (rapid)"]
[EventRounds "9"]
[EventCountry "USA"]
[SourceTitle "CBM 197 Extra"]
[Source "ChessBase"]
[SourceDate "2020.09.30"]
[SourceVersion "1"]
[SourceVersionDate "2020.09.30"]
[SourceQuality "1"]

1. e4 e6 2. d4 d5 3. Nc3 Bb4 4. e5 c5 5. a3 Bxc3+ 6. bxc3 Ne7 7. Qg4 Qc7 8. Qxg7 Rg8 9. Qxh7 cxd4 10. Ne2 Nbc6 11. g3 dxc3 12. Bg2 Qxe5 13. Bf4 Qg7 14. Qxg7 Rxg7 15. Nxc3 e5 16. Bd2 Be6 17. Ne2 0-0-0 18. f4 e4 19. Bc3 Rg6 20. Nd4 Nf5 21. 0-0-0 Ne3 22. f5 Nxf5 23. Nxf5 Bxf5 24. Rhf1 Bg4 25. Rxf7 Bxd1 26. Kxd1 d4 27. Be1 e3 28. g4 Rd7 29. Rf4 Ne5 30. h3 Rb6 31. Be4 d3 32. cxd3 Rb1+ 33. Ke2 Rxd3 34. Rf8+ Kd7 35. Bxd3 Nxd3 36. Kxd3 Rxe1 37. Rf3 Ra1 38. g5 Rxa3+ 39. Ke2 Ra2+ 40. Kxe3 Rg2 41. h4 a5 42. Kf4 Rh2 43. Kg4 a4 44. g6 Ke6 45. h5 b5 46. Kg5 Rg2+ 47. Kh6 Ke5 48. Kh7 b4 49. g7 b3 50. Rf2 Rg5 1/2-1/2

[Event "PNWCC Online Masters WOO"]
[Site "Chess.com INT"]
[Date "2020.07.04"]
[Round "3.30"]
[White "Eswaran, Ashritha"]
[Black "Wiebe, Daniel"]
[Result "1-0"]
[WhiteElo "2244"]
[BlackElo "1988"]
[PlyCount "101"]
[EventDate "2020.07.04"]
[EventType "swiss (rapid)"]
[EventRounds "9"]
[EventCountry "USA"]
[SourceTitle "CBM 197 Extra"]
[Source "ChessBase"]
[SourceDate "2020.09.30"]
[SourceVersion "1"]
[SourceVersionDate "2020.09.30"]
[SourceQuality "1"]

1. e4 c5 2. Nf3 d6 3. d4 cxd4 4. Nxd4 Nf6 5. Nc3 a6 6. Be3 e5 7. Nf3 h6 8. Bc4 Be7 9. 0-0 Be6 10. Bb3 0-0 11. Re1 Nc6 12. h3 Na5 13. Qe2 Rc8 14. Rad1 Nc4 15. Bc1 Qc7 16. Nh4 b5 17. Nf5 Bxf5 18. exf5 Rfd8 19. Nd5 Nxd5 20. Rxd5 Bg5 21. Bxg5 hxg5 22. c3 Qe7 23. Rd3 Qf6 24. Rf3 d5 25. Bxc4 e4 26. Bxd5 exf3 27. Bxf3 Kf8 28. Qc2 Rc4 29. Qb3 Qxf5 30. Qa3+ Qc5 31. Qxa6 b4 32. cxb4 Qxb4 33. Rf1 Rc2 34. b3 Re8 35. Bc6 Rd8 36. Bb5 g4 37. hxg4 Qxg4 38. Qa3+ Kg8 39. Qe7 Rcd2 40. Bc4 Qh5 41. a4 Rd1 42. a5 Rxf1+ 43. Bxf1 Rd1 44. Qe8+ Kh7 45. a6 Qf5 46. Qe2 Ra1 47. b4 Qb1 48. b5 Ra2 49. Qd3+ Qxd3 50. Bxd3+ g6 51. b6 1-0

[Event "Canadian op"]
[Site "Sault Ste Marie"]
[Date "2017.07.11"]
[Round "4"]
[White "Hua, Eugene"]
[Black "Wiebe, Daniel"]
[Result "1-0"]
[WhiteElo "2251"]
[BlackElo "1939"]
[PlyCount "83"]
[EventDate "2017.07.08"]
[EventType "swiss"]
[EventRounds "9"]
[EventCountry "CAN"]
[SourceTitle "EXT 2018"]
[Source "ChessBase"]
[SourceDate "2017.10.13"]
[SourceVersion "1"]
[SourceVersionDate "2017.10.13"]
[SourceQuality "1"]

1. e4 c5 2. Nf3 d6 3. d4 cxd4 4. Qxd4 a6 5. h3 Nf6 6. c4 g6 7. Be2 Bg7 8. 0-0 0-0 9. Nc3 Nbd7 10. Qe3 Qc7 11. Rb1 Nb6 12. b3 e6 13. Ba3 Re8 14. Rbc1 h6 15. Rfd1 d5 16. cxd5 exd5 17. Na4 Nc4 18. bxc4 Qa5 19. Qb3 b5 20. cxb5 Rxe4 21. Nc3 Be6 22. Nxe4 dxe4 23. Qb4 axb5 24. Qxa5 Rxa5 25. Bb4 Rxa2 26. Rd8+ Kh7 27. Nd4 Nd5 28. Bc5 Bf6 29. Re8 Nc7 30. Nxe6 fxe6 31. Rc8 Na6 32. Bxb5 Nxc5 33. R8xc5 h5 34. Rd1 Kh6 35. Bc6 e3 36. fxe3 Re2 37. Bf3 Rxe3 38. Rc4 Rb3 39. Rc6 Re3 40. Kf1 Bh4 41. Rc4 Bg3 42. Re4 1-0

[Event "Canadian op"]
[Site "Sault Ste Marie"]
[Date "2017.07.09"]
[Round "2"]
[White "Kiviaho, Bob"]
[Black "Wiebe, Daniel"]
[Result "0-1"]
[WhiteElo "2141"]
[BlackElo "1939"]
[PlyCount "112"]
[EventDate "2017.07.08"]
[EventType "swiss"]
[EventRounds "9"]
[EventCountry "CAN"]
[SourceTitle "EXT 2018"]
[Source "ChessBase"]
[SourceDate "2017.10.13"]
[SourceVersion "1"]
[SourceVersionDate "2017.10.13"]
[SourceQuality "1"]

1. e4 c5 2. Nf3 d6 3. d4 cxd4 4. Nxd4 Nf6 5. Nc3 a6 6. Bg5 e6 7. f4 Be7 8. Qf3 Qc7 9. 0-0-0 Nbd7 10. Bd3 h6 11. Bh4 g5 12. fxg5 Ne5 13. Qe2 Nfg4 14. Nf3 hxg5 15. Bxg5 Bxg5+ 16. Nxg5 Qc5 17. Nh3 Bd7 18. Rdf1 Qe3+ 19. Qxe3 Nxe3 20. Rf2 Ke7 21. Bf1 Rag8 22. Kd2 Nxf1+ 23. Rhxf1 Rg7 24. Re2 b5 25. a3 a5 26. Rh1 Rh4 27. b4 Nc4+ 28. Ke1 Nxa3 29. bxa5 b4 30. Na2 Bb5 31. Rd2 Rxe4+ 32. Kf2 Nc4 33. Rdd1 Nxa5 34. Rhe1 Rh4 35. Re3 Bc6 36. Rg3 Rxg3 37. Kxg3 Rc4 38. Rd2 Ba4 39. Nf4 Nc6 40. Nd3 Bxc2 41. Naxb4 Nxb4 42. Nxb4 Bg6 43. Rb2 d5 44. Kf2 Kd6 45. Ke2 e5 46. Nd3 Bxd3+ 47. Kxd3 e4+ 48. Ke2 Ke5 49. g3 f5 50. h4 f4 51. gxf4+ Kxf4 52. h5 d4 53. h6 Rc6 54. Rb4 d3+ 55. Kd2 Rxh6 56. Rb8 Rh2+ 0-1

[Event "Aurora Fall op"]
[Site "Aurora"]
[Date "2014.10.05"]
[Round "5"]
[White "Wiebe, Daniel"]
[Black "Zeromskis, Egidijus"]
[Result "0-1"]
[WhiteElo "1867"]
[BlackElo "2118"]
[PlyCount "88"]
[EventDate "2014.10.04"]
[EventType "swiss"]
[EventRounds "5"]
[EventCountry "CAN"]
[SourceTitle "CBM 162 Extra"]
[Source "ChessBase"]
[SourceDate "2014.10.17"]
[SourceVersion "1"]
[SourceVersionDate "2014.10.17"]
[SourceQuality "1"]

1. e4 Nf6 2. e5 Nd5 3. d4 d6 4. Nf3 g6 5. Bc4 Nb6 6. Bb3 Bg7 7. 0-0 0-0 8. h3 Nc6 9. Qe2 Na5 10. Nc3 Nxb3 11. axb3 d5 12. Bf4 Bd7 13. Ra5 c6 14. Rfa1 a6 15. Ne1 Bf5 16. g4 Bc8 17. Nd3 e6 18. g5 Re8 19. Nd1 Nd7 20. b4 Bf8 21. Be3 b6 22. R5a2 Bb7 23. f4 h5 24. gxh6 Bxh6 25. Qg4 Kh7 26. Bf2 f5 27. Qf3 Rg8 28. h4 Rc8 29. Kf1 Bf8 30. Ne3 c5 31. bxc5 bxc5 32. c3 Rg7 33. Ke2 Be7 34. Rh1 cxd4 35. cxd4 Qb6 36. Raa1 Qxd4 37. Rac1 Qe4 38. Qxe4 fxe4 39. Rxc8 exd3+ 40. Kxd3 Bxc8 41. Rc1 Nc5+ 42. Ke2 a5 43. Nxd5 Ba6+ 44. Ke3 exd5 0-1

[Event "Aurora Fall op"]
[Site "Aurora"]
[Date "2014.10.04"]
[Round "1"]
[White "Wiebe, Daniel"]
[Black "Plotkin, Mark"]
[Result "0-1"]
[WhiteElo "1867"]
[BlackElo "2186"]
[PlyCount "86"]
[EventDate "2014.10.04"]
[EventType "swiss"]
[EventRounds "5"]
[EventCountry "CAN"]
[SourceTitle "CBM 162 Extra"]
[Source "ChessBase"]
[SourceDate "2014.10.17"]
[SourceVersion "1"]
[SourceVersionDate "2014.10.17"]
[SourceQuality "1"]

1. e4 c5 2. c3 Nf6 3. e5 Nd5 4. d4 cxd4 5. Nf3 Nc6 6. Bc4 Nb6 7. Bb3 d5 8. exd6 Qxd6 9. cxd4 Bf5 10. 0-0 e6 11. Nc3 Be7 12. Qe2 0-0 13. Rd1 Nb4 14. Ne5 N4d5 15. Ne4 Qc7 16. Bd2 Rad8 17. Rac1 Qb8 18. Nc5 Rfe8 19. a4 f6 20. Nf3 Bd6 21. a5 Na8 22. Nh4 Kh8 23. Nxf5 exf5 24. Qf3 Nf4 25. Be3 g5 26. h3 Nc7 27. g3 b6 28. Nb7 Ne2+ 29. Kg2 Nxc1 30. Nxd8 Qxd8 31. Rxc1 Qd7 32. axb6 axb6 33. Qh5 Bxg3 34. Kxg3 f4+ 35. Kg2 Nb5 36. Bd2 Nxd4 37. Rc7 Qxc7 38. Qxe8+ Kg7 39. Qg8+ Kh6 40. Qf8+ Kg6 41. Bf7+ Qxf7 42. Qd6 Qb7+ 43. Kf1 Qh1# 0-1

[Event "Canadian op U2400"]
[Site "Montreal"]
[Date "2014.07.26"]
[Round "9"]
[White "Wiebe, Daniel"]
[Black "Anastasovski, Nikola"]
[Result "1-0"]
[WhiteElo "1874"]
[BlackElo "2059"]
[PlyCount "51"]
[EventDate "2014.07.19"]
[EventType "swiss"]
[EventRounds "9"]
[EventCountry "CAN"]
[SourceTitle "EXT 2022"]
[Source "ChessBase"]
[SourceDate "2021.10.06"]
[SourceVersion "1"]
[SourceVersionDate "2021.10.06"]
[SourceQuality "1"]

1. e4 e5 2. Nf3 Nc6 3. d4 exd4 4. Nxd4 Bc5 5. Be3 Qf6 6. Nb5 Bxe3 7. fxe3 Qd8 8. Qg4 g6 9. Qf4 d6 10. Bc4 Ne5 11. 0-0 Be6 12. Bxe6 fxe6 13. Nxc7+ Kd7 14. Nxa8 Qxa8 15. Nc3 a6 16. Rad1 Kc6 17. Rxd6+ Kxd6 18. Rd1+ Ke7 19. Qxe5 Nf6 20. Qc7+ Ke8 21. e5 Rf8 22. exf6 Rf7 23. Qe5 Qc8 24. Ne4 Kf8 25. Qc5+ Qxc5 26. Rd8# 1-0

[Event "Canadian op U2400"]
[Site "Montreal"]
[Date "2014.07.24"]
[Round "7"]
[White "Wiebe, Daniel"]
[Black "Cloutier, Mathieu"]
[Result "1-0"]
[WhiteElo "1874"]
[BlackElo "2040"]
[PlyCount "117"]
[EventDate "2014.07.19"]
[EventType "swiss"]
[EventRounds "9"]
[EventCountry "CAN"]
[SourceTitle "EXT 2022"]
[Source "ChessBase"]
[SourceDate "2021.10.06"]
[SourceVersion "1"]
[SourceVersionDate "2021.10.06"]
[SourceQuality "1"]

1. e4 c5 2. c3 d5 3. exd5 Qxd5 4. d4 cxd4 5. cxd4 Nc6 6. Nf3 Bg4 7. Nc3 Bxf3 8. gxf3 Qxd4 9. Qxd4 Nxd4 10. Nb5 0-0-0 11. Nxd4 Rxd4 12. Be3 Rd7 13. Bxa7 e6 14. Bb5 Bb4+ 15. Ke2 Rd2+ 16. Ke3 Rc2 17. a3 Bc5+ 18. Kd3 Rxb2 19. Bxc5 Rxb5 20. Kc4 Ra5 21. Bf8 h5 22. Rac1 Rg5 23. Kb4+ Kd7 24. Rhd1+ Rd5 25. Rxd5+ exd5 26. Bxg7 Rh7 27. Be5 Ne7 28. Rc7+ Ke6 29. Bc3 f6 30. Kb5 b6 31. Bd4 Rh8 32. Bxb6 Rb8 33. a4 d4 34. a5 Nd5 35. Rc1 d3 36. Re1+ Kf5 37. Kc4 Nf4 38. Rd1 Rc8+ 39. Kd4 Rc6 40. Ke3 Rd6 41. Kd2 Nd5 42. Rb1 Kf4 43. Rb3 f5 44. Be3+ Kxf3 45. Rxd3 Nxe3 46. fxe3 Rg6 47. Ra3 Rg2+ 48. Kd3 Re2 49. Kd4 h4 50. e4+ Kf4 51. exf5 Re4+ 52. Kd5 Re5+ 53. Kd6 Rxf5 54. a6 Kg4 55. a7 Rf8 56. a8Q Rxa8 57. Rxa8 Kh3 58. Ra2 Kg4 59. Ra3 1-0

[Event "Toronto op U2200"]
[Site "Toronto"]
[Date "2014.04.20"]
[Round "5"]
[White "Noritsyn, Sergey"]
[Black "Wiebe, Daniel"]
[Result "1/2-1/2"]
[WhiteElo "2073"]
[BlackElo "2094"]
[PlyCount "78"]
[EventDate "2014.04.18"]
[EventType "swiss"]
[EventRounds "6"]
[EventCountry "CAN"]
[SourceTitle "EXT 2022"]
[Source "ChessBase"]
[SourceDate "2021.10.06"]
[SourceVersion "1"]
[SourceVersionDate "2021.10.06"]
[SourceQuality "1"]

1. e4 c5 2. Nf3 d6 3. c3 Nf6 4. h3 Nbd7 5. Bd3 b6 6. Bc2 Bb7 7. Qe2 Qc7 8. d4 cxd4 9. cxd4 Ba6 10. Qxa6 Qxc2 11. Nbd2 e5 12. 0-0 Be7 13. b3 Qc8 14. Qa4 Qb7 15. dxe5 dxe5 16. Nxe5 b5 17. Qd4 0-0 18. Nxd7 Nxd7 19. Nf3 Rad8 20. Qe3 Nc5 21. Bb2 Nxe4 22. Rfe1 Bf6 23. Qxe4 Qxe4 24. Rxe4 Bxb2 25. Rb1 Bf6 26. a4 Rb8 27. Rd1 a5 28. Rd5 bxa4 29. bxa4 Rb1+ 30. Re1 Rxe1+ 31. Nxe1 g6 32. Nc2 Rc8 33. Ne3 Bc3 34. Kf1 Bb4 35. Ke2 Rc3 36. Rd3 Rc1 37. Rd1 Rc3 38. Ra1 Kg7 39. Ra2 f5 1/2-1/2

[Event "Scarborough CC-ch Reserves"]
[Site "Toronto"]
[Date "2012.04.19"]
[Round "5"]
[White "Xu, Jeffrey"]
[Black "Wiebe, Daniel"]
[Result "0-1"]
[WhiteElo "1665"]
[BlackElo "1909"]
[PlyCount "102"]
[EventDate "2012.03.22"]
[EventType "swiss"]
[EventRounds "9"]
[EventCountry "CAN"]
[SourceTitle "EXT 2022"]
[Source "ChessBase"]
[SourceDate "2021.10.06"]
[SourceVersion "1"]
[SourceVersionDate "2021.10.06"]
[SourceQuality "1"]

1. e4 c5 2. Nf3 d6 3. d3 Nc6 4. Nbd2 g6 5. c3 Bg7 6. g3 e6 7. Bg2 Nge7 8. 0-0 0-0 9. Re1 Rb8 10. a4 a6 11. Nf1 b5 12. axb5 axb5 13. d4 b4 14. Be3 bxc3 15. bxc3 cxd4 16. cxd4 Rb4 17. Ra4 Bd7 18. Rxb4 Nxb4 19. Qd2 Nbc6 20. Bh6 Qb6 21. Bxg7 Kxg7 22. Ne3 Na5 23. d5 e5 24. Nh4 Ng8 25. Qd3 Rb8 26. Kh1 Qb2 27. Qc2 Qxc2 28. Nxc2 Rb2 29. Ne3 Rxf2 30. Ra1 Nb3 31. Ra6 Re2 32. Nf1 Re1 33. Kg1 Bb5 34. Ra2 Bxf1 35. Bxf1 Rxe4 36. Ra6 Nf6 37. Rxd6 Rd4 38. Nf3 Rd1 39. Kf2 Ne4+ 40. Ke2 Rxf1 41. Rxg6+ hxg6 42. Kxf1 Ned2+ 43. Nxd2 Nxd2+ 44. Ke2 Nc4 45. Kd3 Nd6 46. h4 f5 47. Ke3 Kh6 48. Kf3 Kh5 49. Kf2 Kg4 50. Kg2 f4 51. gxf4 exf4 0-1

[Event "Kitchener Ontario-chT active"]
[Site "Kitchener"]
[Date "2011.06.18"]
[Round "3"]
[White "Wiebe, Daniel"]
[Black "Klarner, William R"]
[Result "0-1"]
[WhiteElo "1979"]
[BlackElo "2248"]
[PlyCount "52"]
[EventDate "2011.06.18"]
[EventType "team-swiss (rapid)"]
[EventRounds "5"]
[EventCountry "CAN"]
[SourceTitle "EXT 2022"]
[Source "ChessBase"]
[SourceDate "2021.10.06"]
[SourceVersion "1"]
[SourceVersionDate "2021.10.06"]
[SourceQuality "1"]
[WhiteTeam "Mississauga"]
[BlackTeam "Kitchener"]
[WhiteTeamCountry "CAN"]
[BlackTeamCountry "CAN"]

1. e4 c5 2. Nf3 e6 3. d4 cxd4 4. Nxd4 Nc6 5. Nb5 d6 6. c4 a6 7. N5a3 Nf6 8. Nc3 d5 9. cxd5 exd5 10. exd5 Bxa3 11. dxc6 Qxd1+ 12. Kxd1 Bc5 13. cxb7 Bxb7 14. Be2 0-0 15. Bg5 Bd4 16. Kc2 Rac8 17. Rad1 Bxc3 18. bxc3 Nd5 19. c4 Rc5 20. Kb3 Rb8 21. Ka3 Ra5+ 22. Kb2 Bc6+ 23. Kc1 Nc3 24. Rd8+ Rxd8 25. Bxd8 Rxa2 26. Bb6 Ba4 0-1

[Event "Scarborough CC-ch Reserves"]
[Site "Toronto"]
[Date "2011.04.07"]
[Round "7"]
[White "Wiebe, Daniel"]
[Black "Radpey, Abdolreza"]
[Result "1-0"]
[WhiteElo "1979"]
[BlackElo "1646"]
[PlyCount "95"]
[EventDate "2011.02.24"]
[EventType "swiss"]
[EventRounds "9"]
[EventCountry "CAN"]
[SourceTitle "EXT 2022"]
[Source "ChessBase"]
[SourceDate "2021.10.06"]
[SourceVersion "1"]
[SourceVersionDate "2021.10.06"]
[SourceQuality "1"]

1. e4 c5 2. Nf3 d6 3. d4 cxd4 4. Nxd4 Nf6 5. Nc3 a6 6. Bg5 h6 7. Bxf6 gxf6 8. Qh5 b5 9. a4 Qb6 10. Nf5 e6 11. axb5 exf5 12. Bc4 Qb7 13. 0-0 Bg7 14. Bd5 Qa7 15. b6 Qe7 16. exf5 0-0 17. Bxa8 Bb7 18. Bxb7 Qxb7 19. Rfd1 Qxb6 20. b3 Rc8 21. Nd5 Qa7 22. c3 Nc6 23. Qg4 Ne5 24. Qa4 Ra8 25. Qh4 Nd7 26. Re1 Qc5 27. c4 a5 28. Re7 Qc6 29. Rxd7 Qxd7 30. Nb6 Qb7 31. Nxa8 Qxa8 32. Qd4 Bf8 33. Qd5 Qe8 34. g3 Qe5 35. Rxa5 Qc3 36. Ra7 Qe1+ 37. Kg2 Qe8 38. b4 h5 39. h4 Be7 40. Qe4 Kf8 41. Kh2 Bd8 42. Qxe8+ Kxe8 43. b5 Bb6 44. Ra6 Bc5 45. f3 Kd8 46. Rc6 Kd7 47. Rxc5 dxc5 48. g4 1-0